[Event "Paracin Summer op-B 12th"]
[Site "Paracin"]
[Date "2019.07.09"]
[Round "6"]
[White "Tosic, Nebojsa"]
[Black "Dimkovski, Stojancho"]
[Result "1-0"]
[WhiteElo "2045"]
[BlackElo "1909"]
[PlyCount "57"]
[EventDate "2019.07.05"]
[EventType "swiss"]
[EventRounds "9"]
[EventCountry "SRB"]
[SourceTitle "EXT 2020"]
[Source "ChessBase"]
[SourceDate "2019.10.17"]
[SourceVersion "1"]
[SourceVersionDate "2019.10.17"]
[SourceQuality "1"]

1. e4 c5 2. b3 Nc6 3. Bb2 e6 4. Nf3 d5 5. exd5 exd5 6. Be2 Nf6 7. 0-0 Bd6 8. d4 0-0 9. a3 b6 10. Nbd2 Bb7 11. Re1 Bc7 12. Nf1 Qd6 13. Ng3 g6 14. Qd2 Ne4 15. Nxe4 dxe4 16. dxc5 Qxd2 17. Nxd2 Rfe8 18. cxb6 e3 19. fxe3 Bxb6 20. Nc4 Bxe3+ 21. Nxe3 Rxe3 22. Bf3 Rxe1+ 23. Rxe1 Kf8 24. Bf6 Rc8 25. b4 Ba6 26. Bd5 Nd8 27. c4 Bxc4 28. Bxc4 Rxc4 29. Bxd8 1-0

[Event "Paracin Summer op-B 12th"]
[Site "Paracin"]
[Date "2019.07.06"]
[Round "3"]
[White "Ozoglu, Berker"]
[Black "Tosic, Nebojsa"]
[Result "0-1"]
[WhiteElo "1854"]
[BlackElo "2045"]
[PlyCount "90"]
[EventDate "2019.07.05"]
[EventType "swiss"]
[EventRounds "9"]
[EventCountry "SRB"]
[SourceTitle "EXT 2020"]
[Source "ChessBase"]
[SourceDate "2019.10.17"]
[SourceVersion "1"]
[SourceVersionDate "2019.10.17"]
[SourceQuality "1"]

1. e4 d6 2. g3 g6 3. Bg2 Bg7 4. d4 Nc6 5. Ne2 Nf6 6. h3 0-0 7. Be3 e5 8. d5 Ne7 9. c4 c6 10. Nbc3 a6 11. b4 Ne8 12. c5 cxd5 13. exd5 Nf5 14. Qd2 a5 15. Rb1 Nxe3 16. Qxe3 axb4 17. Rxb4 f5 18. 0-0 Kh8 19. a4 Rf7 20. c6 bxc6 21. dxc6 Nc7 22. Rd1 Qf8 23. Nd5 Ba6 24. Nec3 e4 25. Nb6 Rd8 26. Nd7 Qe7 27. Nb5 Ne8 28. Bf1 g5 29. Qd2 Be5 30. Nc3 Bxf1 31. Nd5 Qe6 32. Qxg5 Rc8 33. Nxe5 dxe5 34. Kxf1 Rg7 35. Qh4 Rxc6 36. Rb8 Rc8 37. Rxc8 Qxc8 38. Nf6 Qa6+ 39. Ke1 Nxf6 40. Rd8+ Ng8 41. Rf8 f4 42. Re8 Qxa4 43. Qd8 Qa1+ 44. Kd2 Qa2+ 45. Kc1 e3 0-1

[Event "Paracin Summer op-B 12th"]
[Site "Paracin"]
[Date "2019.07.06"]
[Round "2"]
[White "Tosic, Nebojsa"]
[Black "Djukaric, Milos"]
[Result "1-0"]
[WhiteElo "2045"]
[BlackElo "1783"]
[PlyCount "69"]
[EventDate "2019.07.05"]
[EventType "swiss"]
[EventRounds "9"]
[EventCountry "SRB"]
[SourceTitle "EXT 2020"]
[Source "ChessBase"]
[SourceDate "2019.10.17"]
[SourceVersion "1"]
[SourceVersionDate "2019.10.17"]
[SourceQuality "1"]

1. e4 c5 2. Nf3 Nc6 3. d4 cxd4 4. Nxd4 Nf6 5. Nc3 e5 6. Ndb5 d6 7. Nd5 Nxd5 8. exd5 Ne7 9. c4 a6 10. Qa4 axb5 11. Qxa8 Ng6 12. c5 dxc5 13. Bxb5+ Bd7 14. Bxd7+ Kxd7 15. Qxb7+ Qc7 16. Qb5+ Kc8 17. Be3 Bd6 18. Rc1 Qb7 19. Qxb7+ Kxb7 20. Bxc5 Rc8 21. Be3 Bb4+ 22. Ke2 Rd8 23. Rhd1 f5 24. Bc5 Nf4+ 25. Kf1 Ba5 26. d6 Rd7 27. g3 Ne6 28. Rd3 e4 29. Rb3+ Ka6 30. Ra3 Kb5 31. b4 Bxb4 32. Bxb4 Kxb4 33. Rb3+ Ka5 34. Rcb1 Nd4 35. Ra3# 1-0

[Event "Paracin Summer op-B 11th"]
[Site "Paracin"]
[Date "2018.07.12"]
[Round "8"]
[White "Tosic, Nebojsa"]
[Black "Radisavljevic, Dalibor"]
[Result "0-1"]
[WhiteElo "2075"]
[BlackElo "1967"]
[PlyCount "153"]
[EventDate "2018.07.06"]
[EventType "swiss"]
[EventRounds "9"]
[EventCountry "SRB"]
[SourceTitle "EXT 2019"]
[Source "ChessBase"]
[SourceDate "2018.10.10"]
[SourceVersion "1"]
[SourceVersionDate "2018.10.10"]
[SourceQuality "1"]

1. d4 c5 2. dxc5 e6 3. Nc3 Bxc5 4. Ne4 Qb6 5. Nxc5 Qxc5 6. c3 Nf6 7. Qc2 d5 8. Nf3 Nc6 9. Be3 Qa5 10. h3 e5 11. Nd2 Ne7 12. Nb3 Qc7 13. g4 h5 14. g5 Bf5 15. Qd1 Ne4 16. Nd2 0-0 17. Bg2 Rfd8 18. Nxe4 dxe4 19. Qc2 Qc6 20. 0-0 Nd5 21. Qc1 Qc7 22. Qc2 Qc6 23. Qc1 Qc4 24. Re1 b6 25. Kh2 Rd7 26. Qc2 Nf4 27. b3 Qe6 28. Bxf4 exf4 29. e3 f3 30. Bf1 Qe5+ 31. Kh1 Be6 32. Rad1 Rad8 33. Rd4 Bf5 34. Red1 Rxd4 35. Rxd4 Qe7 36. Qd2 Rxd4 37. exd4 Qd7 38. Kh2 Qd6+ 39. Kh1 h4 40. Qe3 a5 41. Kg1 Kh7 42. Ba6 Qc7 43. Bf1 Kg6 44. c4 Qe7 45. c5 bxc5 46. dxc5 Qxg5+ 47. Qxg5+ Kxg5 48. a3 Kf6 49. b4 axb4 50. axb4 Ke5 51. Kh2 Kd5 52. Ba6 Bd7 53. Bb7+ Bc6 54. Ba6 Ba8 55. Kg1 g5 56. Bc8 f6 57. Kf1 f5 58. Bxf5 Bc6 59. Ke1 Kc4 60. Kd2 Kxb4 61. Ke3 Kxc5 62. Bxe4 Bd7 63. Kxf3 Bxh3 64. Ke3 Be6 65. Bg2 Kd6 66. Kd4 Bd7 67. Ke3 Ke5 68. Bb7 Bb5 69. Kf3 Bd7 70. Ba6 Bh3 71. Bd3 g4+ 72. Ke3 Bg2 73. f4+ Kf6 74. Kf2 Bd5 75. Ba6 g3+ 76. Kf1 h3 77. Bc8 0-1

[Event "Paracin Summer op-B 11th"]
[Site "Paracin"]
[Date "2018.07.10"]
[Round "6"]
[White "Tosic, Nebojsa"]
[Black "Simic, Petar S"]
[Result "0-1"]
[WhiteElo "2075"]
[BlackElo "1999"]
[PlyCount "98"]
[EventDate "2018.07.06"]
[EventType "swiss"]
[EventRounds "9"]
[EventCountry "SRB"]
[SourceTitle "EXT 2019"]
[Source "ChessBase"]
[SourceDate "2018.10.10"]
[SourceVersion "1"]
[SourceVersionDate "2018.10.10"]
[SourceQuality "1"]

1. e4 c5 2. c4 Nc6 3. g3 g6 4. Bg2 Bg7 5. Ne2 d6 6. h3 e6 7. Nbc3 Nge7 8. d3 0-0 9. 0-0 Rb8 10. Be3 Nd4 11. Rb1 Nec6 12. Qd2 a6 13. Kh2 b5 14. b3 b4 15. Nd1 Nxe2 16. Qxe2 a5 17. Qd2 a4 18. Bh6 axb3 19. axb3 Bxh6 20. Qxh6 Nd4 21. Ne3 Bb7 22. f4 f5 23. g4 Qf6 24. Rf2 Qg7 25. Qh4 fxe4 26. dxe4 Rxf4 27. Rxf4 g5 28. Rf7 gxh4 29. Rxg7+ Kxg7 30. Rb2 Ra8 31. Nc2 Nxc2 32. Rxc2 Ra3 33. Rd2 Ra6 34. e5 Bxg2 35. exd6 Bc6 36. d7 Bxd7 37. Rxd7+ Kf6 38. Kg2 Ra2+ 39. Kf3 Rh2 40. Rxh7 Rxh3+ 41. Kf4 Rxb3 42. Rxh4 Rc3 43. Rh6+ Kf7 44. Ke5 Rxc4 45. Kd6 b3 46. Rh1 b2 47. Rf1+ Kg6 48. Rb1 Rc2 49. Kxe6 c4 0-1

[Event "SRB-chT 1st League"]
[Site "Banja Vrujci"]
[Date "2017.09.20"]
[Round "6.2"]
[White "Tosic, Nebojsa"]
[Black "Vuksanovic, Zvezdan"]
[Result "1-0"]
[WhiteElo "2153"]
[BlackElo "2172"]
[PlyCount "95"]
[EventDate "2017.09.16"]
[EventType "team"]
[EventRounds "11"]
[EventCountry "SRB"]
[SourceTitle "CBM 180 Extra"]
[Source "ChessBase"]
[SourceDate "2017.10.06"]
[SourceVersion "1"]
[SourceVersionDate "2017.10.06"]
[SourceQuality "1"]
[WhiteTeam "Kostolac Rudar"]
[BlackTeam "Kosovska Mitrovica"]
[WhiteTeamCountry "SRB"]
[BlackTeamCountry "SRB"]

1. e4 d6 2. d4 Nd7 3. Nf3 c6 4. Nc3 e5 5. a4 Ngf6 6. Bc4 Be7 7. 0-0 0-0 8. Re1 Qc7 9. h3 a5 10. Bg5 Re8 11. Qd2 Nf8 12. Rad1 Ng6 13. Bf1 Nh5 14. g3 Nf6 15. Kh2 h6 16. Be3 Bf8 17. Bg2 Bd7 18. Qd3 Rab8 19. Nd2 b5 20. b3 b4 21. Ne2 Bc8 22. Ng1 Ra8 23. dxe5 dxe5 24. Qe2 Ba6 25. Qf3 Nd7 26. Bf1 Bc5 27. Bxa6 Rxa6 28. Nc4 Bxe3 29. Qxe3 Ndf8 30. Nf3 Ne6 31. Rd6 f6 32. Red1 Ngf8 33. R1d3 Rea8 34. Kg2 c5 35. R3d5 Rxd6 36. Nxd6 Nd4 37. Nxd4 cxd4 38. Qd3 Ne6 39. Qc4 Rd8 40. f3 Kh7 41. h4 h5 42. Kf2 Kg6 43. Ke2 d3+ 44. Rxd3 Qb6 45. Qxe6 Rxd6 46. Qxd6 Qg1 47. Qd7 Qg2+ 48. Kd1 1-0

[Event "SRB-chT 1st League"]
[Site "Banja Vrujci"]
[Date "2017.09.17"]
[Round "2.2"]
[White "Stojanovic, Vlastimir"]
[Black "Tosic, Nebojsa"]
[Result "1-0"]
[WhiteElo "2201"]
[BlackElo "2153"]
[PlyCount "67"]
[EventDate "2017.09.16"]
[EventType "team"]
[EventRounds "11"]
[EventCountry "SRB"]
[SourceTitle "CBM 180 Extra"]
[Source "ChessBase"]
[SourceDate "2017.10.06"]
[SourceVersion "1"]
[SourceVersionDate "2017.10.06"]
[SourceQuality "1"]
[WhiteTeam "Smederevska Palanka Jasenica"]
[BlackTeam "Kostolac Rudar"]
[WhiteTeamCountry "SRB"]
[BlackTeamCountry "SRB"]

1. e4 d5 2. exd5 Qxd5 3. Nc3 Qa5 4. d4 c6 5. Bc4 Bf5 6. Nf3 e6 7. 0-0 Nf6 8. Bf4 Nbd7 9. Re1 Nb6 10. Bb3 Nbd5 11. Nxd5 cxd5 12. Qe2 Bb4 13. c3 Be7 14. Ne5 0-0 15. g4 Bg6 16. h4 Ne4 17. h5 Bh4 18. Nd3 Bg5 19. hxg6 fxg6 20. Bxg5 Nxg5 21. f4 Ne4 22. Kg2 g5 23. f5 Rae8 24. Ne5 h5 25. Rf1 Rf6 26. fxe6 Rfxe6 27. Qf3 Nf6 28. Qf5 h4 29. Qxg5 h3+ 30. Kxh3 Qb5 31. Rae1 a5 32. Qg6 Rf8 33. g5 a4 34. Bc2 1-0